Szczegóły MARC21

Rozwój lokalnych rynków pracy : Konferencja Naukowa Jarocin 15 luty 2002 /

005 -DATA I CZAS OSTATNIEJ MODYFIKACJI [,]
    • @
    • pole kontrolne
    • 20150924100928.0
020 -Międzynarod. znormalizowany nr książki - ISBN [ , ]
    • a
    • Numer ISBN
    • 8390230763 Find
040 -Instytucja sporządzająca opis [ , ]
    • a
    • Instytucja, która sporządziła opis (NP)
    • SZCZ U/MSZ
041 -Język dokumentu [0, ]
    • a
    • Język tekstu (P)
    • polski
044 -Kraj miejsca wydania [ , ]
    • a
    • Kraj miejsca wydania
    • Polska
942 -Rodzaj dokumentu [ , ]
    • c
    • Rodzaj dokumentu
    • Książka
100 -Hasło główne - nazwa osobowa [1, ]
    • 9
    • KHW
    • 85227
    • a
    • Nazwa osobowa (NP)
    • Dobrzański, Kazimierz.
245 -Strefa tytułu i oznaczenia odpowiedzialności [0,0]
    • a
    • Tytuł
    • Rozwój lokalnych rynków pracy : Find
    • c
    • Pozostałe elementy strefy tytułu i oznaczenia odpowiedzialności (NP)
    • [recenzent Kazimierz Dobrzański ; autorzy referatów: Jerzy Babiak, Marian Podstawka, Maria Parlińska, Karol Sroka, Roman Skeczkowski, Kazimierz Tabor, Krzysztof Gąsiorowski, Anna Milewska, Bogdan Janik ; Wielkopolska Wyższa Szkoła Humanistyczno-Ekonomiczna w Jarocinie].
    • b
    • Ciąg dalszy tytułu (NP)
    • Konferencja Naukowa Jarocin 15 luty 2002 / Find
260 -Strefa adresu wydawniczego [ , ]
    • a
    • Miejsce wydania (P)
    • Krotoszyn :
    • c
    • Data wydania (P)
    • 2002.
    • b
    • Nazwa wydawcy (P)
    • Wydawnictwo i Drukarnia Krotoszyńska,
300 -Strefa opisu fizycznego [ , ]
    • a
    • Określenie formy książki i/lub objętość (NP)
    • s. 80. ;
    • c
    • Format (NP)
    • 24 cm.
080 -Uniwersalna Klasyfikacja Dziesiętna [ , ]
    • 2
    • Identyfikator wydania tablic
    • UDC-P058
    • 9
    • UKD
    • 2999
    • a
    • Symbol klasyfikacji
    • 331
    • b
    • Dopowiedzenie
    • Praca.
    • 4
    • UKD2
    • 7641
    • x
    • Poddział wspólny
    • (061)
    • c
    • Dopowiedzenie poddz. wspólnego
    • (Wydawnictwa odnoszące się do konferencji, zjazdów itd. Sprawozdania z konferencji).
980 -Symbol UKD [ , ]
    • a
    • UKD
    • 331(061)
700 -Hasło dodatkowe - nazwa osobowa [1, ]
    • 9
    • KHW
    • 38816
    • a
    • Nazwa osobowa (NP)
    • Babiak, Jerzy Find
    • d
    • Daty biograficzne (NP)
    • (1943- ).
700 -Hasło dodatkowe - nazwa osobowa [1, ]
    • 9
    • KHW
    • 19462
    • a
    • Nazwa osobowa (NP)
    • Podstawka, Marian. Find
700 -Hasło dodatkowe - nazwa osobowa [1, ]
    • 9
    • KHW
    • 85220
    • a
    • Nazwa osobowa (NP)
    • Parlińska, Maria. Find
700 -Hasło dodatkowe - nazwa osobowa [1, ]
    • 9
    • KHW
    • 85221
    • a
    • Nazwa osobowa (NP)
    • Sroka, Karol. Find
700 -Hasło dodatkowe - nazwa osobowa [1, ]
    • 9
    • KHW
    • 85222
    • a
    • Nazwa osobowa (NP)
    • Skeczkowski, Roman Find
    • d
    • Daty biograficzne (NP)
    • (1946-2006).
700 -Hasło dodatkowe - nazwa osobowa [1, ]
    • 9
    • KHW
    • 85223
    • a
    • Nazwa osobowa (NP)
    • Tabor, Kazimierz. Find
700 -Hasło dodatkowe - nazwa osobowa [1, ]
    • 9
    • KHW
    • 85224
    • a
    • Nazwa osobowa (NP)
    • Gąsiorowski, Krzysztof Grzegorz Find
    • c
    • Dopowiedzenie inne niż daty biograficzne (NP)
    • (ekonomia).
920 -ISBN [ , ]
    • a
    • ISBN
    • 83-902307-6-3 Find
Numer inwentarzowy Status udost. Data inwentaryzacji Lokalizacja Sygnatura
GW.5286-32016-02-17BE331